000 00527nam a2200157 a 4500
008 120416s1958 ||||||||||||||||| || u
050 _aSB 476
100 _aConover, Herbert S
245 1 0 _aGrounds maintenance handbook
250 _a2nd ed.
260 _aNew York
_bMcGraw-Hill
_c1958
300 _aix, 501p. : ill.
350 _a0.00
650 _aGrounds maintenance
995 _D0.00
_FCBU-MAIN LIBRARY (Kitwe)
_H1
_I0.60
_UAVAILABLE
_ZMain Library Open Access Collection
999 _c44967
_d44967